|
|
|
|
| LEADER |
00000nab a2200000 a 4500 |
| 001 |
vtls000677449 |
| 003 |
SK-MaSNL |
| 005 |
20260302191001.0 |
| 008 |
180206c1998 xo 0 slo |
| 015 |
|
|
|a SNBRB1998/11-23997
|
| 035 |
|
|
|a CLN000029618
|
| 040 |
|
|
|a SNKBUCL
|b slo
|c SNKBUCL
|e AACR2
|
| 041 |
0 |
|
|a slo
|
| 044 |
|
|
|a xo
|c SK
|
| 080 |
|
|
|a 328.1(437.6)
|2 UDC-MRF-SK2
|
| 100 |
1 |
|
|a Minárik, Pavol
|4 aut
|9 716177
|
| 245 |
1 |
0 |
|a Nový prístup k demokracii
|c Pavol Minárik
|
| 300 |
|
|
|b Fotogr.
|
| 610 |
|
7 |
|a Slovensko
|b Vláda
|x vyhlásenie programové
|y 1998-2002
|2 snkbucl
|9 890757
|
| 655 |
|
7 |
|a články z novín a časopisov
|2 snkbucl
|9 267496
|
| 773 |
0 |
|
|t Pravda
|g Roč. 8, č. 275 (27.11.1998), s. 5
|
| 850 |
|
|
|a Slovenská národná knižnica v Martine
|
| 852 |
|
|
|a SNK
|b KIS3GCP
|
| 958 |
|
|
|a RBX
|
| 999 |
|
|
|c 1435546
|d 1437476
|